[Event "SRB-chT 1st League Men 2018"]
[Site "Valjevo"]
[Date "2018.09.02"]
[Round "3"]
[White "Simonovic, Aleksandar"]
[Black "Maksimovic, Branimir"]
[Result "1/2-1/2"]
[WhiteElo "2363"]
[BlackElo "2306"]
[Annotator "NA"]
[PlyCount "72"]
[EventDate "2018.08.31"]
[EventType "team-tourn"]
[EventCountry "SRB"]
[SourceTitle "playchess.com"]
[Source "ChessBase"]
[SourceQuality "1"]
[TimeControl "40/5400+30:1800+30"]

1. e4 {[%emt 1:30:30]} d6 {[%emt 1:30:30]} 2. d4 {[%emt 0:00:30]} Nf6 {[%emt 0:00:30]} 3. Nc3 {[%emt 0:00:30]} e5 {[%emt 0:00:30]} 4. dxe5 {[%emt 0:00:30]} dxe5 {[%emt 0:00:30]} 5. Qxd8+ {[%emt 0:00:30]} Kxd8 {[%emt 0:00:30]} 6. Bc4 {[%emt 0:00:30]} Ke8 {[%emt 0:00:30] B07: Pirc Defence: Miscellaneous Systems} 7. f3 {[%emt 0:00:30]} (7. f4 Bb4 8. Bd3 Nc6 9. Nf3 Bg4 10. fxe5 Nd7 11. Bf4 Bxf3 12. gxf3 Ncxe5 13. Be2 f6 14. Bd2 {½-½ (56) Sarana,A (2587)-Khismatullin,D (2632) Sochi 2018}) 7... c6 {[%emt 0:00:30]} 8. Nge2 {[%emt 0:00:30]} Nbd7 {[%emt 0:00:30]} 9. a4 {[%emt 0:00:30]} a5 {[%emt 0:00:30]} 10. Bd2 {[%emt 0:00:30]} Bb4 {[%emt 0:00:30]} 11. Nc1 $146 {[%emt 0:00:30]} ({Predecessor:} 11. Nb1 Nb6 12. Bb3 Nfd7 13. c3 Bd6 14. Bc2 {0-1 (56) Zelbel,P (2345)-Henrichs,T (2490) Vlissingen 2010}) 11... Nc5 {[%emt 0:00:30]} 12. b3 {[%emt 0:00:30]} Ne6 {[%emt 0:00:30]} 13. Bxe6 {[%emt 0:00:30]} Bxe6 {[%emt 0:00:30]} 14. Nd3 {[%emt 0:00:30]} Nd7 {[%emt 0:00:00]} 15. Nxb4 {[%emt 0:00:00]} axb4 {[%emt 0:00:00]} 16. Nd1 {[%emt 0:01:00]} c5 {[%emt 0:01:30]} 17. Nb2 {[%emt 0:00:30]} Ke7 {[%emt 0:00:30]} 18. Ke2 {[%emt 0:00:00]} f6 {[%emt 0:00:00]} 19. Nd3 {[%emt 0:01:00]} b6 {[%emt 0:01:00]} 20. Rhb1 {[%emt 0:00:30]} Rhc8 {[%emt 0:00:30]} 21. Be3 {[%emt 0:00:30]} Ra5 {[%emt 0:00:30]} 22. Bd2 {[%emt 0:00:30]} Ra6 {[%emt 0:00:30]} 23. Kd1 {[%emt 0:00:00]} Nb8 {[%emt 0:00:30]} 24. Kc1 {[%emt 0:01:00]} Nc6 {[%emt 0:00:30]} 25. Kb2 {[%emt 0:00:30]} Na5 {[%emt 0:00:30]} 26. f4 {[%emt 0:00:30]} exf4 {[%emt 0:00:30]} 27. Nxf4 {[%emt 0:00:30]} Ra7 {[%emt 0:00:30]} 28. Re1 {[%emt 0:00:30]} Rd7 {[%emt 0:00:30]} 29. Be3 {[%emt 0:00:30]} Rc6 {[%emt 0:00:30]} 30. Rad1 {[%emt 0:00:30]} Rcd6 {[%emt 0:00:30]} 31. Kc1 {[%emt 0:00:30]} g5 {[%emt 0:00:30]} 32. Rxd6 {[%emt 0:00:30]} Rxd6 $11 {[%emt 0:00:30]} 33. Nh5 {[%emt 0:00:30]} Bg4 {[%emt 0:00:30]} 34. e5 {[%emt 0:00:30]} fxe5 {[%emt 0:00:30]} 35. Bxg5+ {[%emt 0:00:30]} Kf7 {[%emt 0:00:30]} 36. Ng3 {[%emt 0:00:30]} Nc6 {[%emt 0:00:30]} 1/2-1/2

[Event "SRB-chT 1st League Men 2018"]
[Site "Valjevo"]
[Date "2018.09.02"]
[Round "3"]
[White "Tosic, Miroslav"]
[Black "Markovic, Miroslav"]
[Result "1/2-1/2"]
[WhiteElo "2363"]
[BlackElo "2458"]
[Annotator "TA"]
[PlyCount "51"]
[EventDate "2018.08.31"]
[EventType "team-tourn"]
[EventCountry "SRB"]
[SourceTitle "playchess.com"]
[Source "ChessBase"]
[SourceQuality "1"]

{[%evp 15,16,27,50]} 1. d4 g6 2. e4 Bg7 3. Nf3 c6 4. c3 d5 5. Nbd2 Nd7 6. Bd3 dxe4 7. Nxe4 Ngf6 8. O-O {B12: Caro-Kann: Advance Variation} O-O {LiveBook: 5 Games} {Predecessor:} 9. h3 $146 Nxe4 10. Bxe4 a5 11. a4 Qc7 12. Be3 Nf6 13. Bd3 Nd5 14. Bd2 Rd8 15. Qe2 Bf6 16. Ne5 c5 17. Rac1 cxd4 18. cxd4 Qd6 19. Nc4 Qd7 20. Bxa5 Rf8 21. Be4 e6 22. Bxd5 Qxd5 23. Bb4 Bxd4 24. Bxf8 Kxf8 25. Rfd1 Rb8 26. Nb6 {1-0 (26) Lagno,K (2529)-Khotenashvili,B (2502) Huaian 2016} 1/2-1/2

[Event "SRB-chT 1st League Men 2018"]
[Site "Valjevo"]
[Date "2018.09.03"]
[Round "4"]
[White "Kuzubov, Yuriy"]
[Black "Ivanisevic, Ivan"]
[Result "1-0"]
[WhiteElo "2652"]
[BlackElo "2578"]
[Annotator "TA"]
[PlyCount "73"]
[EventDate "2018.08.31"]
[EventType "team-tourn"]
[EventCountry "SRB"]
[SourceTitle "playchess.com"]
[Source "ChessBase"]
[SourceQuality "1"]

{[%evp 26,73,43,30,42,22,17,4,39,28,80,19,43,14,58,68,60,61,50,70,52,57,79,0,105,19,2,-59,-55,-62,-50,-68,-73,-67,-62,-72,-66,-72,-77,-244,-233,-1747,0,0,445,445,733,714,704,691]} 1. c4 c5 2. Nf3 Nc6 3. Nc3 Nf6 4. g3 e6 {[%cal Be7e6,Be6d5,Bd5d4][%mdl 32]} 5. Bg2 d5 6. cxd5 exd5 7. d4 Be7 8. O-O O-O 9. dxc5 d4 10. Na4 Bf5 11. Bg5 h6 {D34: Tarrasch Defence: 6 g3 Nf6 7 Bg2 Be7} 12. Bxf6 Bxf6 13. Ne1 Re8 14. Nd3 {LiveBook: 3 Games} Be4 15. Bxe4 Rxe4 16. Rc1 $146 ({Predecessor:} 16. b3 Ne7 17. Rc1 h5 18. c6 bxc6 19. Nac5 {0-1 (34) Van Hoolandt,P (2257)-El Gindy,E (2523) Cannes 2007}) 16... Qd5 17. b4 Rae8 (17... Qxa2 $11 18. b5 Ne5) 18. b5 (18. Rc2 $16) 18... Ne5 $11 19. Rc2 Qd7 20. c6 $1 {[%cal Rc6d7]} bxc6 21. bxc6 Qh3 22. f3 $1 Re3 23. Nf4 Qf5 24. c7 ({White should play} 24. Nd5 $16 d3 25. Nxe3 dxc2 26. Nxf5 cxd1=N 27. c7 (27. Rxd1 Nxc6 28. e4 Ne5 $16)) 24... Rc8 (24... d3 $11 25. exd3 (25. Nxd3 Nxd3 26. g4 Qd7 $11) 25... Nxf3+ 26. Kh1 Ne1) 25. Rc5 (25. Nd5 $1 $16 {[%cal Rd5e3]} d3 26. Nxe3 dxc2 27. Nxf5 cxd1=N 28. Rxd1 Rxc7 29. Ne3) 25... Ra3 26. Nd3 (26. Nd5 $11) 26... Qe6 $15 27. Nab2 Rc3 28. Na4 {And now Nf4 would win.} Nxd3 29. exd3 Qe3+ 30. Kh1 {[%cal Bg1h1,Bh1g2,Bg2h3][%mdl 32]} Rxd3 ({Much weaker is} 30... Rxc7 $6 31. Nxc3 Rxc5 32. Ne4 $14) 31. Qb1 {Black should prevent Rb5.} Rd2 {( -> ...Qe2)} 32. Qf5 $2 (32. Qe4 $17 {only move.}) 32... Qe8 $19 33. Rb1 $2 {[#]} (33. Qg4) 33... Re2 $2 (33... Qe2 $1 $19 {[%csl Gd2][%cal Re2h2][%mdl 512]} 34. Qxc8+ Kh7) 34. Rb8 $36 {[%mdl 2048] White is more active.} Re1+ $2 {[%mdl 8192]} (34... Re6 $1 $11 {and Black has nothing to worry.}) 35. Kg2 $18 {White is clearly winning.} Re2+ (35... Qe2+ $142 36. Kh3 Qf1+ 37. Kg4 h5+ 38. Kf4 g5+ 39. Qxg5+ Bxg5+ 40. Rxg5+ Kh7 41. Rxc8 Qa6 42. Rxh5+ Kg7) 36. Kh3 Re6 37. Rcb5 {Precision: White = 36%, Black = 36%.} 1-0

[Event "SRB-chT 1st League Men 2018"]
[Site "Valjevo"]
[Date "2018.09.03"]
[Round "4"]
[White "Yilmaz, Mustafa"]
[Black "Perunovic, Milos"]
[Result "1-0"]
[WhiteElo "2633"]
[BlackElo "2601"]
[Annotator "TA"]
[PlyCount "79"]
[EventDate "2018.08.31"]
[EventType "team-tourn"]
[EventCountry "SRB"]
[SourceTitle "playchess.com"]
[Source "ChessBase"]
[SourceQuality "1"]

{[%evp 23,79,35,27,29,40,30,23,-53,-52,-75,-87,-152,-152,-154,-133,-125,-101,-145,-131,-139,-150,-153,-144,-131,-116,-111,-109,-177,-133,-192,-110,-131,-61,-62,-60,-70,-91,-510,-485,-432,-135,-144,0,-29,0,0,0,0,631,633,625,618,622,611,1284,508,1181,1367]} 1. d4 Nf6 2. c4 e6 3. Nf3 c5 4. d5 d6 5. Nc3 exd5 6. cxd5 g6 7. Bf4 a6 8. e4 Bg4 9. Qa4+ {A70: Modern Benoni: 6 e4 g6 7 Nf3} (9. Qb3 b5 10. Nd2 Nh5 11. Be3 Bg7 12. h3 Bc8 13. Be2 Nf6 14. a4 b4 15. Nd1 O-O 16. O-O Re8 {0-1 (31) Dobrov,V (2515)-Ponkratov,P (2613) Riadh 2017}) 9... Nbd7 10. Nd2 b5 11. Qc2 Nh5 12. Be3 Nb6 $1 {LiveBook: 3 Games} 13. h3 Bd7 14. g4 Nf6 15. Bf4 ({White should play} 15. a4 $11) 15... Qe7 $1 $15 16. Be2 $146 ({Predecessor:} 16. Ne2 b4 17. a4 bxa3 18. Rxa3 Bg7 {0-1 (40) Bronnikova,K-Arutyunova,D (2300) Dnipropetrovsk 2005}) 16... Bg7 17. Nd1 (17. g5 $142 Nh5 18. Bxh5 gxh5 19. O-O-O) 17... O-O $1 $17 18. Ne3 Rfe8 19. Bf3 Na4 20. O-O c4 21. Bg3 Rac8 22. Rae1 h5 23. gxh5 Nxh5 24. Bxh5 gxh5 25. e5 (25. Nf5 $17 Bxf5 26. exf5) 25... Bxe5 {And now ...c3 would win.} 26. Kh1 (26. Ng2 $17 {was necessary.}) 26... Bxg3 ({Don't take} 26... Bxh3 27. Rg1 $17) (26... Bg7 $1 $19 27. Nf5 Qxe1 28. Nxg7 Kxg7 29. Rxe1 Rxe1+ 30. Kg2 c3) 27. fxg3 {[#]} Bxh3 ({Better is} 27... Nc5 $1 $17 {[%cal Rc5d3]} 28. Ng4 Qxe1 29. Nf6+ Kf8 30. Nxd7+ Nxd7) 28. Ng4 $1 $15 Qxe1 29. Nf6+ Kf8 30. Nh7+ $2 {[%mdl 8192]} (30. Rxe1 $17 Rxe1+ 31. Kh2) 30... Kg7 $19 31. Ng5 {[#] Threatening mate with Qh7+.} Qxf1+ $2 ({Stronger than} 31... Bxf1 32. Qh7+ Kf6 33. Qxf7+ Kxg5 34. Nf3+ Kh6 35. Qf6+ Kh7 36. Ng5+ Kg8 37. Qg6+ Kh8 38. Qh7#) ({Weaker is} 31... Bg2+ 32. Kh2 $17) (31... f5 $1 $19 {and Black stays clearly on top.} 32. Rxe1 Rxe1+ 33. Kh2 Bg4 34. Ne6+ Kf6) 32. Nxf1 $17 {Hoping for Qh7+.} Bxf1 (32... Bg4 $17 {...Nxb2! is the strong threat.} 33. Qh7+ Kf6 34. Qh6+ Ke7) 33. Qh7+ $1 $11 Kf6 34. Qh6+ Ke7 35. Ne4 {[%csl Ge4][%cal Rh6d6]} Rcd8 $2 {[%mdl 8192]} (35... Red8 $11 36. Qf6+ Ke8 37. Qxf1 Nc5 38. Nf6+ Ke7) 36. Qf6+ $18 {White is clearly winning.} Kd7 37. Qxd6+ Kc8 38. Qxa6+ Kc7 39. Qa7+ Kc8 40. d6 {Precision: White = 35%, Black = 66%.} 1-0

[Event "SRB-chT 1st League Men 2018"]
[Site "Valjevo"]
[Date "2018.09.03"]
[Round "4"]
[White "Predojevic, Borki"]
[Black "Pavlovic, Milos"]
[Result "1/2-1/2"]
[WhiteElo "2624"]
[BlackElo "2482"]
[Annotator "TA"]
[PlyCount "49"]
[EventDate "2018.08.31"]
[EventType "team-tourn"]
[EventCountry "SRB"]
[SourceTitle "playchess.com"]
[Source "ChessBase"]
[SourceQuality "1"]

{[%evp 15,49,32,39,24,25,29,54,54,54,54,50,53,64,64,68,70,72,72,75,64,66,70,66,44,64,54,69,42,50,41,52,35,58,10,11,3]} 1. e4 e5 2. Nf3 Nc6 3. Bb5 Nf6 4. d3 {[%cal Bd2d3,Bd3d4,Bd4d5][%mdl 32]} d6 5. O-O Be7 6. c3 O-O 7. Nbd2 Re8 {C65: Spanische Partie (Berliner-Verteidigung)} (7... a6 8. Ba4 Re8 9. Re1 Bf8 10. Nf1 h6 11. Ng3 b5 12. Bc2 d5 13. d4 dxe4 14. Nxe4 Bf5 15. Nxf6+ Qxf6 16. dxe5 Nxe5 17. Rxe5 Rxe5 18. Nxe5 Bxc2 19. Qxc2 Qxe5 {½-½ (44) Harikrishna,P (2752)-Dominguez Perez,L (2720) Baku 2016}) 8. Re1 Bf8 {LiveBook: 5 Partien} 9. d4 Bd7 {Weiß hat minimalen Vorteil.} 10. Bd3 Bg4 $146 ({Vorgänger:} 10... a5 11. h3 h6 12. Nf1 a4 13. Bd2 b5 {½-½ (75) Noble,M (2482)-Onder,E (2309) ICCF email 2015}) 11. h3 Bh5 12. d5 Nb8 {[%cal Bc6b8,Bb8d7,Bd7c5][%mdl 32]} 13. Nf1 c6 14. c4 Nbd7 15. Ng3 Bxf3 16. Qxf3 g6 17. Be3 Nc5 18. Bc2 a5 19. Red1 {zielt auf dxc6 ab.} Nfd7 20. b3 {[%cal Bb2b3,Bb3b4][%mdl 32]} Qh4 21. Qg4 Qxg4 22. hxg4 cxd5 23. exd5 h6 24. a3 {Droht b4.} a4 25. b4 {Precision: Weiß = 70%, Schwarz = 64%.} 1/2-1/2

[Event "SRB-chT 1st League Men 2018"]
[Site "Valjevo"]
[Date "2018.09.03"]
[Round "4"]
[White "Banusz, Tamas"]
[Black "Berkes, Ferenc"]
[Result "1/2-1/2"]
[WhiteElo "2618"]
[BlackElo "2678"]
[Annotator "TA"]
[PlyCount "40"]
[EventDate "2018.08.31"]
[EventType "team-tourn"]
[EventCountry "SRB"]
[SourceTitle "playchess.com"]
[Source "ChessBase"]
[SourceQuality "1"]

{[%evp 27,40,0,0,0,0,0,0,0,0,0,0,0,0,0,0]} 1. c4 c5 2. Nf3 Nc6 3. Nc3 Nf6 4. g3 g6 5. Bg2 Bg7 6. O-O O-O 7. d4 cxd4 8. Nxd4 Qa5 9. Nb3 Qh5 10. h3 {A39: Symmetrical English vs ...g6: 4 Bg2 Bg7 5 Nf3 Nf6 6 0-0 0-0 7 d4} d6 11. g4 Bxg4 12. hxg4 Nxg4 13. Bf4 Be5 14. Qd2 g5 $1 {LiveBook: 10 Games. The position is equal.} 15. Bxe5 Ncxe5 {[%csl Gg4][%cal Rh5h2]} 16. Rfc1 Nxc4 17. Qd4 {[#]} Nce3 $1 {[%mdl 512]} 18. fxe3 {Black must now prevent Nd1.} Qh4 19. Nd5 {[%cal Rd5e7]} Qf2+ 20. Kh1 {[%cal Rd5e7] [#]} Qh4+ $146 1/2-1/2

[Event "SRB-chT 1st League Men 2018"]
[Site "Valjevo"]
[Date "2018.09.03"]
[Round "4"]
[White "Sedlak, Nikola"]
[Black "Strikovic, Aleksa"]
[Result "1/2-1/2"]
[WhiteElo "2587"]
[BlackElo "2483"]
[Annotator "TA"]
[PlyCount "36"]
[EventDate "2018.08.31"]
[EventType "team-tourn"]
[EventCountry "SRB"]
[SourceTitle "playchess.com"]
[Source "ChessBase"]
[SourceQuality "1"]

{[%evp 16,36,0,-8,11,7,3,-47,0,0,0,-12,0,-42,-7,-22,-26,-44,-54,-47,-6,-12,-16]} 1. d4 Nf6 2. Nf3 g6 3. Nc3 d5 4. Bf4 Bg7 5. Nb5 Na6 {[%cal Bb8a6,Ba6c7,Bc7e8,Be8d6,Bd6f5][%mdl 32]} 6. e3 {D00: 1 d4 d5: Unusual lines} c6 7. Nc3 Nc7 (7... O-O 8. Bxa6 bxa6 9. h3 Nd7 10. O-O Bb7 11. Na4 Rc8 12. b4 a5 13. Nc5 Nxc5 14. bxc5 {1-0 (50) Aronian,L (2797)-Vachier Lagrave,M (2793) Caleta 2018}) 8. h3 O-O 9. Bd3 {LiveBook: 10 Games} Nce8 10. O-O Nd6 11. b4 $146 ({Predecessor:} 11. Re1 Bf5 12. Bf1 Rc8 13. Be5 {½-½ (29) Keitlinghaus,L (2515)-Kalod,R (2380) Pardubice 1996}) 11... Bf5 12. Bxf5 Nxf5 13. a4 Nd6 14. Ne5 Nd7 15. Nxd7 Qxd7 16. Bxd6 Qxd6 17. Rb1 e5 18. dxe5 Qxe5 1/2-1/2

[Event "SRB-chT 1st League Men 2018"]
[Site "Valjevo"]
[Date "2018.09.03"]
[Round "4"]
[White "Nikolic, Predrag"]
[Black "Markus, Robert"]
[Result "1/2-1/2"]
[WhiteElo "2584"]
[BlackElo "2613"]
[Annotator "TA"]
[PlyCount "37"]
[EventDate "2018.08.31"]
[EventType "team-tourn"]
[EventCountry "SRB"]
[SourceTitle "playchess.com"]
[Source "ChessBase"]
[SourceQuality "1"]

{[%evp 21,23,66,67,66]} 1. d4 Nf6 2. c4 g6 3. Nf3 Bg7 4. g3 O-O 5. Bg2 d6 6. O-O Nbd7 7. Nc3 e5 8. e4 c6 9. b3 Qb6 10. Rb1 exd4 {E68: Königsindisch (Hauptvariante des g3-Systems mit e2-e4)} 11. Nxd4 Nc5 {LiveBook: 9 Partien} 12. Nde2 {Vorgänger:} Qc7 $146 13. Bf4 Rd8 14. Nd4 Qe7 15. Re1 Ng4 16. Qd2 h6 17. Rbd1 g5 18. Be3 Nxe3 19. Rxe3 {½-½ (31) Nikolic,P (2619)-Markus,R (2622) Kragujevac 2013} 1/2-1/2

[Event "SRB-chT 1st League Men 2018"]
[Site "Valjevo"]
[Date "2018.09.03"]
[Round "4"]
[White "Miladinovic, Igor"]
[Black "Milanovic, Danilo"]
[Result "1/2-1/2"]
[WhiteElo "2545"]
[BlackElo "2469"]
[Annotator "TA"]
[PlyCount "24"]
[EventDate "2018.08.31"]
[EventType "team-tourn"]
[EventCountry "SRB"]
[SourceTitle "playchess.com"]
[Source "ChessBase"]
[SourceQuality "1"]

{[%evp 20,24,12,12,27,10,9]} 1. d4 Nf6 2. Nf3 c5 3. c3 e6 4. Bg5 b6 5. e3 Be7 6. Nbd2 Bb7 7. Bd3 Nc6 8. Qe2 cxd4 {A47: 1 d4 Nf6 2 Nf3 b6: Torre, London and Colle Systems} 9. exd4 Nd5 10. Bxe7 Ncxe7 11. g3 {LiveBook: 4 Games} Qc7 (11... O-O 12. O-O a6 13. Rfe1 h6 14. Rad1 b5 15. Nf1 Qb6 16. Ne3 Rac8 17. a3 Rc7 18. Nxd5 Bxd5 19. Bb1 Rfc8 20. Qd3 Bxf3 21. Qxf3 {0-1 (50) Al Sayed,M (2511)-Bocharov,D (2583) Riadh 2017}) 12. O-O O-O $146 ({Predecessor:} 12... h6 13. Ne5 O-O 14. Rae1 Rae8 15. c4 Nf6 16. f4 {0-1 (31) Bakalarz,G (2081)-Katte,I (1927) Dresden 2007}) 1/2-1/2

[Event "SRB-chT 1st League Men 2018"]
[Site "Valjevo"]
[Date "2018.09.03"]
[Round "4"]
[White "Mastrovasilis, Athanasios"]
[Black "Zajic, Milan"]
[Result "1-0"]
[WhiteElo "2496"]
[BlackElo "2497"]
[Annotator "TA"]
[PlyCount "69"]
[EventDate "2018.08.31"]
[EventType "team-tourn"]
[EventCountry "SRB"]
[SourceTitle "playchess.com"]
[Source "ChessBase"]
[SourceQuality "1"]

{[%evp 20,69,33,39,50,29,48,41,67,68,54,59,45,32,52,51,60,22,36,17,17,14,10,21,14,8,23,29,23,23,30,16,129,136,129,129,129,129,129,129,135,127,135,66,452,446,1214,1157,1917,1885,29976,29977]} 1. d4 Nf6 2. c4 e6 3. Nc3 Bb4 4. e3 O-O 5. Bd3 c5 6. Nf3 d5 7. cxd5 cxd4 {E53: Nimzoindisch (Moderne Variante)} (7... exd5 8. dxc5 Nc6 9. O-O Bg4 10. Na4 Ne4 11. a3 Bxc5 12. h3 Bxf3 13. gxf3 Qg5+ 14. Kh1 Qh4 15. fxe4 Qxh3+ {½-½ (25) So,W (2780)-Wei,Y (2729) chess.com INT 2018}) 8. exd4 Nxd5 9. O-O Be7 10. Qe2 Nc6 11. Rd1 {LiveBook: 3 Partien} Bd7 $146 ({Vorgänger:} 11... Bf6 12. Qe4 g6 13. Bh6 Bg7 14. Bxg7 Kxg7 15. Rac1 Qd6 16. Nxd5 exd5 17. Qh4 f6 18. Bb5 Ne7 {1-0 (40) Potkin,V (2580)-Mainka,R (2485) Travemuende 2006}) 12. Qe4 {[%csl Gd3][%cal Re4h7] [#]} f5 13. Qe2 Ncb4 14. Bc4 Kh8 15. Nxd5 Nxd5 16. Re1 Bd6 17. Bd2 Qb6 18. Bb3 Rae8 19. Ne5 Bb5 20. Qh5 {[#] Droht stark Sg6+.} Bxe5 21. dxe5 {Weiss will Lxd5 spielen.} Bc6 22. Rad1 {[%cal Ba1d1,Bd1d3,Bd3h3,Bh3g3,Bg3g5][%mdl 32]} Rd8 23. Qh4 a5 24. Bg5 Rd7 25. Rd3 a4 (25... Nf4 $11 26. Rxd7 Nxg2) 26. Rh3 {[%csl Gh3][%cal Rh4h7]} g6 ({Jedoch nicht} 26... h6 $2 27. Bxh6 Kg8 28. Bxd5 $18 (28. Bxa4 gxh6 29. Qxh6 Bxa4 $11) (28. Be3 Qa5 $11)) 27. Bxd5 $1 $40 {[%mdl 128] Weiss greift entschieden an.} ({Nicht} 27. Bxa4 $2 Qa5 $19) 27... Bxd5 28. Be7 {[%csl Gh3][%cal Rh4h7]} Rf7 29. Bf6+ Kg8 30. Rg3 {Schwarz muss nun Txg6+! beachten.} ({Ein No Go ist} 30. Qxa4 $6 Qxb2 31. Qf4 Rf8 $11) 30... Rf8 31. Qh6 ({Besser ist} 31. Qxa4 $16 Rc7 32. b3) 31... Qc7 $2 {[%mdl 8192]} (31... Rxf6 $1 $14 32. exf6 Qxb2) 32. h4 $18 {[%cal Bh2h4,Bh4h5][%mdl 32]} Be4 (32... f4 $142 33. Qxf4 Rxf6 34. Qxf6 Rf7) 33. Rc1 Bc6 34. h5 f4 35. Rg5 {Precision: Weiß = 65%, Schwarz = 28%.} 1-0

[Event "SRB-chT 1st League Men 2018"]
[Site "Valjevo"]
[Date "2018.09.03"]
[Round "4"]
[White "Nenezic, Marko"]
[Black "Savic, Miodrag R"]
[Result "1/2-1/2"]
[WhiteElo "2495"]
[BlackElo "2506"]
[Annotator "TA"]
[PlyCount "114"]
[EventDate "2018.08.31"]
[EventType "team-tourn"]
[EventCountry "SRB"]
[SourceTitle "playchess.com"]
[Source "ChessBase"]
[SourceQuality "1"]

{[%evp 20,114,22,24,36,-3,22,17,40,36,43,37,43,31,40,13,60,33,61,62,51,27,22,14,14,17,16,0,18,0,0,0,0,0,0,0,0,0,14,17,25,29,36,30,46,4,14,12,24,0,14,11,71,67,61,62,49,42,62,53,63,66,88,78,100,70,45,47,68,44,52,38,87,35,31,23,31,37,29,21,21,46,43,8,8,8,8,8,8,8,8,8,8,-441,8,-5114,8]} 1. Nf3 Nf6 2. c4 e6 3. Nc3 Bb4 4. Qc2 O-O 5. a3 Bxc3 6. Qxc3 d6 7. e3 {A17: English Opening: 1...Nf6 with ...Bb4} e5 8. b4 a5 9. Bb2 axb4 (9... b6 10. Be2 axb4 11. axb4 Rxa1+ 12. Bxa1 c5 13. b5 Re8 14. d3 Nbd7 {½-½ (29) Cheparinov,I (2687)-Almasi,Z (2688) Varadero 2016}) 10. axb4 Rxa1+ 11. Bxa1 {LiveBook: 8 Games} Nc6 12. d3 Bf5 $146 ({Predecessor:} 12... Re8 13. Be2 Bg4 14. O-O Qe7 {½-½ (27) Nenezic,M (2391)-Kosic,D (2490) Paracin 2013}) 13. Be2 Qd7 14. O-O Ra8 15. Bb2 h6 16. h3 Qe8 17. b5 Ne7 18. Nh4 Bh7 19. f4 e4 20. dxe4 Bxe4 21. Qd2 Ra2 22. Ra1 Qa8 23. Qd1 Ne8 24. Qd4 {[#] And now Rxa2 would win.} Rxa1+ 25. Bxa1 b6 26. Bb2 Nf6 27. g4 Qa2 {[#] Threatens to win with ...Qb1+.} 28. Qc3 Kf8 29. Nf3 Qa8 30. Nd2 Bh1 {[%csl Gh1][%cal Ra8g2]} 31. Bf1 Bb7 32. Qa3 Qxa3 33. Bxa3 Ne4 34. Nb3 Ng3 35. Bg2 Bxg2 (35... Ne4 $11 {remains equal.}) 36. Kxg2 $11 {[%mdl 4096] Endgame KBN-KNN} Ne4 37. Kf3 Nc5 38. Nd4 Ne6 39. Ne2 f5 40. e4 g6 41. Ke3 Kf7 42. Bb4 fxe4 43. Kxe4 Ng8 44. Ke3 Ne7 45. Ba3 Ke8 46. h4 (46. Ng3 $16) 46... Kf7 $1 $14 47. Ng3 Ng7 $1 48. Bb2 d5 $1 49. cxd5 Ne8 $1 50. Be5 Nxd5+ 51. Kd4 (51. Ke4 $5 {[%cal Re4d5]} Ndf6+ 52. Kf3 $11) 51... Ne7 52. f5 c6 53. fxg6+ Kxg6 54. Nf5 Nxf5+ 55. gxf5+ Kxf5 56. h5 $2 {[%mdl 8192]} (56. bxc6 $11 Ke6 57. h5) 56... Nd6 $2 ({Black should try} 56... cxb5 $19 57. Bg3 Ng7) 57. Bf4 $2 {[%mdl 8192]} (57. bxc6 $11 Ke6 58. c7 Nb5+ 59. Ke4) 57... Ke6 $2 {Precision: White = 57%, Black = 49%.} ({Better is} 57... Kxf4 $19 58. bxc6 Kg4) 1/2-1/2

[Event "SRB-chT 1st League Men 2018"]
[Site "Valjevo"]
[Date "2018.09.03"]
[Round "4"]
[White "Kovacevic, Aleksandar"]
[Black "Pap, Misa"]
[Result "1-0"]
[WhiteElo "2483"]
[BlackElo "2482"]
[Annotator "TA"]
[PlyCount "49"]
[EventDate "2018.08.31"]
[EventType "team-tourn"]
[EventCountry "SRB"]
[SourceTitle "playchess.com"]
[Source "ChessBase"]
[SourceQuality "1"]

{[%evp 27,49,43,112,106,120,143,182,186,177,187,386,384,368,361,635,607,587,550,573,570,539,528,914,939]} 1. d4 Nf6 2. Nf3 e6 3. Bf4 c5 4. e3 d5 5. c3 Nc6 6. Nbd2 Bd6 7. Bg3 O-O 8. Bd3 Qe7 9. Ne5 Bxe5 10. dxe5 {D02: Damenbauernspiele} Nd7 11. f4 f5 (11... f6 12. Bh4 Qf7 13. exf6 Nxf6 14. O-O e5 15. Bxf6 gxf6 16. e4 Kh8 17. exd5 Qxd5 18. Be4 Qd6 19. Nc4 Qe7 20. Qh5 exf4 21. Rxf4 Ne5 22. Nxe5 {1-0 (22) Kramnik,V (2777)-Rasmussen,A (2498) Berlin 2015}) 12. Nf3 c4 13. Bc2 Nc5 14. Bh4 Qe8 {[#] LiveBook: 3 Partien} (14... Qc7 $14) 15. Rg1 $1 $16 b5 $146 ({Vorgänger:} 15... b6 16. g4 fxg4 17. Rxg4 a5 {1-0 (30) Kiss,A (2402)-Graudins,I (2452) ICCF email 2000}) 16. g4 Nd3+ 17. Bxd3 cxd3 18. gxf5 Rxf5 $2 (18... exf5 19. Qxd3 b4) 19. Bf6 $18 g6 20. Nh4 Na5 $2 (20... d2+ 21. Kxd2 Rxf6) 21. Qxd3 {Weiß steht klar auf Gewinn.} Nc4 22. Nxf5 exf5 23. Qxd5+ Be6 24. Qb7 {[%csl Gf6][%cal Rb7g7]} Bf7 {[#]} 25. e6 $1 1-0